Największe miasta w polsce z rozsypanki wyrazowej - Statystyki

Ogólne statystyki
  • Ten quiz został rozwiązany 244 razy
  • Średni wynik to 25 z 30
Statystyki odpowiedzi
Podpowiedz Miasto % Poprawnych
10 - biłaoksyt Białystok
99%
2 - kókawr Kraków
99%
3 - dłźó Łódź
99%
5 - ońnazp Poznań
99%
1 - arwwazas Warszawa
99%
4 - całwrow Wrocław
99%
6 - akgńds Gdańsk
98%
12 - gydain Gdynia
98%
14 - ramdo Radom
98%
17 - keiecl Kielce
97%
13 - cwocotzhęsa Częstochowa
96%
9 - ilblnu Lublin
96%
21 - oylsztn Olsztyn
96%
8 - gzyodczsb Bydgoszcz
95%
16 - ońtur Toruń
95%
28 - oloep Opole
87%
7 - znzsiecc Szczecin
87%
27 - htyyc Tychy
83%
23 - tobmy Bytom
81%
11 - aotecikw Katowice
80%
24 - rlzgeióonaa Zielona Góra
78%
20 - ezrabz Zabrze
74%
18 - zzrweós Rzeszów
73%
19 - ligeicw Gliwice
69%
22 - ilaksłebai-bo Bielsko-Biała
68%
29 - ospoizgól rowlkeikw Gorzów Wielkopolski
64%
25 - bkniry Rybnik
55%
15 - osesiocnw Sosnowiec
52%
26 - lksrś uądaa Ruda Śląska
51%
30 - adcb zónrgorąiaw Dąbrowa Górnicza
25%
Nie znaleziono quizów pasujących do podanych kryteriów
Rozkład punktacji
Procent ludzi z każdym wynikiem
Percentyl według liczby udzielonych odpowiedzi
Twoja historia wyników
Nie rozwiązałeś tego quizu